Asia-Pacific agroforestry profiles

Bibliographic Details
Main Author: TEJWANI
Other Authors: Chun
Format: Book
Published: Bogor, Indonesia : Agroforestry Systems Research and Development in the Asia and Pacific region , 1992
Series:APAN field document no. 4
Subjects:

MARC

LEADER 00000cam a2200000 7i4500
001 0000002259
005 20030419.0
090 0 0 |a 634.99   |b TEJ 1992 
100 1 0 |a TEJWANI   |h K. G.. 
245 1 0 |a Asia-Pacific agroforestry profiles   |c by K. G. Tejwani & Chun K. Lai 
260 0 0 |a Bogor, Indonesia :   |b Agroforestry Systems Research and Development in the Asia and Pacific region ,   |c 1992 
300 |a iv, 140 p. :   |b maps ;   |c 30 cm. 
440 0 0 |a APAN field document no. 4 
500 0 0 |a Bibliography : p. 127-139 
650 0 0 |a Agroforestry   |z Asia 
700 0 1 |a Chun   |h K. Lai 
998 |a JPSM 
999 |a 0000004033   |b Monograph   |c Open Shelf   |e Default branch